Quantum mechanics (Record no. 7044)

MARC details
000 -LEADER
fixed length control field 00779 a2200205 4500
005 - DATE AND TIME OF LATEST TRANSACTION
control field 20080924104419.0
008 - FIXED-LENGTH DATA ELEMENTS--GENERAL INFORMATION
fixed length control field 080924t xxu||||| |||| 00| 0 eng d
010 ## - LCCN (DPL NO)
LC control number ENG-87819
020 ## - INTERNATIONAL STANDARD BOOK NUMBER
International Standard Book Number 817880171X
Terms of availability 350.00
035 ## - SYSTEM CONTROL NUMBER
System control number EN-71352
037 ## - SOURCE OF ACQUISITION
Source of stock number/acquisition D.B.Act / Pub
082 ## - DEWEY DECIMAL CLASSIFICATION NUMBER
Classification number 530.12
100 ## - MAIN ENTRY--PERSONAL NAME
Personal name Sarn, K.
245 ## - TITLE STATEMENT
Title Quantum mechanics
Statement of responsibility, etc by K. Sarn
260 ## - PUBLICATION, DISTRIBUTION, ETC. (IMPRINT)
Place of publication, distribution, etc New Delhi
Name of publisher, distributor, etc Rajat Publications
Date of publication, distribution, etc 2006
270 ## - ADDRESS
Address 4675/21, Ansari Road, Darya Ganj,
City New Delhi
Postal code 110002
Telephone number 011-23267924, 011-22507277
300 ## - PHYSICAL DESCRIPTION
Extent v, 154 p.
Dimensions 22 cm. (Hb.)
942 ## - ADDED ENTRY ELEMENTS (KOHA)
Institution code [OBSOLETE] dpl
Item type English Books
Call number prefix 530.12 / SAR
Source of classification or shelving scheme Dewey Decimal Classification
Classification part 530.12
Call number suffix SAR
Holdings
Withdrawn status Lost status Source of classification or shelving scheme Damaged status Not for loan Collection code Home library Current library Date acquired Cost, normal purchase price Total Checkouts Full call number Barcode Date last seen Copy number Cost, replacement price Koha item type
    Dewey Decimal Classification   Not For Loan Non-fiction D.B.Act.Division D.B.Act.Division 24/09/2008 350.00   530.12 SAR EN-71352 15/09/2008 1 350.00 English Books

© Delhi Public Library
Hit Counter
free hit counter